000 00897nam a22002657a 4500
001 BR8700751
003 BR-BrBNA
005 20230928092349.0
007 ta
008 230509b bl.||||| |||| 00| 0 por d
040 _aBR-BrBNA
_bpor
_cBiblioteca Nacional de Agricultura
041 _a(Por)
072 _aC10
_b/G514
090 _ C10 BR8700751
100 1 _aAraujo, A.L. da C.B.
110 1 _aUniversidade Federal da Paraiba, Campina Grande (Brasil). Centro de Humanidades
_910755
245 1 _aEm busca do trabalho; estudo sobre os egressos do ensino tecnico agropecuario da Paraiba - 1974/1981
260 3 _aCampina Grande, PB (Brasil):
_c1984.
300 _a159 p.
500 _a(*) Documento disponível no(a) UFPB, Campina Grande, PB (Brazil). Centro de Ciencias e Tecnologia
650 _aENSINO
650 _aTRABALHO
909 _a202309
_bLucia
_c55
_dLucia Elande
942 _cBK
999 _c38587
_d38587